000 00503nam a22001937a 4500
003 LK-CoMWRAF
005 20231114223738.0
008 231114b |||||||| |||| 00| 0 eng d
020 _a9789555735964
040 _aLK-CoMWRAF
_dLK-CoMWRAF
_eLK-CoMWRAF
041 _aeng
082 _a920
_bABE
100 _aAbeysekara, Tissa
245 _aRoots, reflections & reminiscences
260 _aNugegoda :
_bSarasavi publications
_c2007
300 _a265p. ; 22cm
650 _aReminiscences
942 _cBK
999 _c4081
_d4081